| 000 | 00993nam a22002417a 4500 | ||
|---|---|---|---|
| 001 | 80894 | ||
| 003 | BD-RjUL | ||
| 005 | 20230530110602.0 | ||
| 008 | 221205s1999 bg a|||| m||| 00| 0 eng d | ||
| 035 | _a(BD-RjUL)80894 | ||
| 040 |
_aBD-RjUL _beng _cBD-RjUL _dBD-RjUL |
||
| 041 | _aeng | ||
| 082 |
_223 _a676.14 _bJAS 1999 |
||
| 100 |
_aJahan, Md. Sarwar _91916 |
||
| 245 | 1 | 0 |
_aStudies on the pulping of Jute based raw materials using various additives and their characteristics / _cBy Md. Sarwar Jahan ; _6Supervisor : Faisul Islam Faroqui |
| 260 |
_aRajshahi : _bDepartment of Applied Chemistry & Chemical Technology, University of Rajshahi, _c1999 |
||
| 300 |
_axi, 204 leaves : _bill, ; _c29.cm. |
||
| 502 | _aThesis (Ph. D.) -- Department of Applied Chemistry & Chemical Technology, University of Rajshahi, 1999 | ||
| 504 | _aReferences : Leaves 195 - 204 | ||
| 650 |
_aJute _vPulp and paper technology _96152 |
||
| 700 |
_aFaroqui, Faisul, Islam, Supervisor _96153 |
||
| 942 |
_2ddc _cTHE |
||
| 999 |
_c80894 _d80894 |
||